000
00312nam a2200157Ia 4500
100
_a
TONY GADDIS
250
_a
2
942
_c
BK
654
_a
C++
245
_a
Starting out with C++
260
_b
Penram international
_c
2000
082
_a
5.133
_b
GAD
300
_a
1164
546
_a
ENGLISH
999
_c
35657
_d
35657